[Event "5. HSK Oster-Open 2019"]
[Site "Hamburg"]
[Date "2019.04.20"]
[Round "4.23"]
[White "Sickmann, Lisa"]
[Black "Lu, Siyuan"]
[Result "0-1"]
[WhiteElo "1382"]
[BlackElo "1667"]
[PlyCount "64"]
[EventDate "2019.04.19"]

1. e4 e6 2. d4 d5 3. exd5 exd5 4. Bd3 Bd6 5. Nf3 Nf6 6. O-O O-O 7. c3 c6 8. Re1
h6 9. h3 Be6 10. Be3 Qc7 11. Nbd2 Nbd7 12. Qc2 Rae8 13. Re2 Nh5 14. Rae1 Re7
15. Nh4 Rfe8 16. Kf1 Nf8 17. Nf5 Bxf5 18. Bxf5 Bf4 19. Bxf4 Nxf4 20. Rxe7 Rxe7
21. Rxe7 Qxe7 22. Qd1 Qg5 23. Bg4 h5 24. Bf3 N8e6 25. Nb3 Qf5 26. h4 g6 27. g3
Qd3+ 28. Kg1 Qxd1+ 29. Bxd1 Nd3 30. Bc2 Nxb2 31. Nd2 Nc7 32. a4 Na8 0-1

[Event "5. HSK Oster-Open 2019"]
[Site "Hamburg"]
[Date "2019.04.20"]
[Round "4.24"]
[White "Reher, Wolfgang"]
[Black "Fuhrmann, Frederik"]
[Result "1-0"]
[WhiteElo "1906"]
[BlackElo "1550"]
[PlyCount "69"]
[EventDate "2019.04.19"]

1. f4 Nf6 2. Nf3 d6 3. b3 g6 4. Bb2 Bg7 5. e4 O-O 6. d3 c5 7. g3 Nc6 8. Bg2 Ng4
9. Bxg7 Kxg7 10. Qd2 Qa5 11. c3 e5 12. h3 Nf6 13. O-O Nh5 14. Kh2 exf4 15. gxf4
f5 16. e5 dxe5 17. Nxe5 Nxe5 18. fxe5 Qc7 19. d4 cxd4 20. cxd4 Rd8 21. Rd1 Be6
22. Na3 a6 23. Rac1 Qe7 24. Nc4 Rab8 25. Nd6 Rxd6 26. exd6 Qxd6+ 27. Kg1 Nf4
28. d5 Rd8 29. Qb2+ Kg8 30. dxe6 Qxd1+ 31. Rxd1 Rxd1+ 32. Kh2 Re1 33. Qf6 Nxe6
34. Bd5 Re2+ 35. Kg1 1-0

[Event "5. HSK Oster-Open 2019"]
[Site "Hamburg"]
[Date "2019.04.20"]
[Round "4.25"]
[White "Ziefle, Stefan"]
[Black "Lohmann, Rene Alexander"]
[Result "1-0"]
[WhiteElo "1722"]
[BlackElo "1499"]
[PlyCount "35"]
[EventDate "2019.04.19"]

1. Nf3 Nf6 2. g3 d5 3. Bg2 c5 4. O-O Bg4 5. h3 Bd7 6. d3 Nc6 7. Nbd2 e5 8. e4
Be7 9. exd5 Nxd5 10. Nxe5 Nxe5 11. Qh5 Nf6 12. Qxe5 O-O 13. Kh2 Be6 14. Bxb7
Rb8 15. Bg2 Bd6 16. Qe2 Re8 17. Ne4 Nxe4 18. dxe4 1-0

[Event "5. HSK Oster-Open 2019"]
[Site "Hamburg"]
[Date "2019.04.20"]
[Round "4.26"]
[White "Hinnenberg, Benjamin"]
[Black "Meyer, Harald"]
[Result "1-0"]
[WhiteElo "1689"]
[BlackElo "1298"]
[PlyCount "61"]
[EventDate "2019.04.19"]

1. d4 Nf6 2. Nf3 d6 3. g3 g6 4. Bg2 Bg7 5. O-O Nbd7 6. c4 e5 7. dxe5 dxe5 8.
Qc2 O-O 9. Rd1 Qe7 10. Nc3 Rd8 11. Bg5 h6 12. Bxf6 Nxf6 13. Rxd8+ Qxd8 14. Nxe5
Bf5 15. Qb3 c6 16. Qxb7 Nd7 17. Nxd7 Bxd7 18. Rd1 Bxc3 19. bxc3 Rb8 20. Qxd7
Qxd7 21. Rxd7 Rb1+ 22. Bf1 Rc1 23. Rxa7 Rxc3 24. e3 Rc1 25. Kg2 Rb1 26. a4 c5
27. Bd3 Rd1 28. Be4 Rd6 29. Bd5 Rf6 30. a5 Kf8 31. Rxf7+ 1-0

[Event "5. HSK Oster-Open 2019"]
[Site "Hamburg"]
[Date "2019.04.20"]
[Round "4.27"]
[White "Mi, Gufeng"]
[Black "Koch, Ralf-Johannes"]
[Result "1-0"]
[WhiteElo "1547"]
[BlackElo "1730"]
[PlyCount "73"]
[EventDate "2019.04.19"]

1. d4 Nf6 2. Bf4 g6 3. e3 Bg7 4. h3 O-O 5. Nf3 d6 6. Be2 Nbd7 7. O-O Re8 8. c4
c6 9. Nc3 Qa5 10. Qd2 a6 11. a4 Nh5 12. Bh2 c5 13. d5 h6 14. g4 Nhf6 15. Rac1
Qb4 16. e4 Nh7 17. h4 Ndf8 18. g5 h5 19. Rfd1 Bd7 20. Qc2 Bg4 21. Ne1 Bd7 22.
f4 Qb6 23. f5 Qd8 24. Ng2 Qc8 25. Rf1 Bd4+ 26. Kh1 f6 27. Nf4 Kg7 28. Ne6+ Bxe6
29. dxe6 fxg5 30. Nd5 Qb8 31. fxg6 Nf6 32. hxg5 Nxd5 33. exd5 Nxe6 34. dxe6 Rf8
35. Rf7+ Kg8 36. Qe4 Rxf7 37. gxf7+ 1-0

[Event "5. HSK Oster-Open 2019"]
[Site "Hamburg"]
[Date "2019.04.20"]
[Round "4.29"]
[White "Grotrian, Pauline"]
[Black "Raedisch, Peter"]
[Result "1-0"]
[WhiteElo "1309"]
[BlackElo "1660"]
[PlyCount "73"]
[EventDate "2019.04.19"]

1. e4 e5 2. Nf3 Nc6 3. Bc4 Bc5 4. c3 Qe7 5. d3 Nf6 6. Nbd2 Ng4 7. d4 Bb6 8. Nf1
d6 9. Ng3 h6 10. h3 Nf6 11. O-O Bd7 12. b4 g5 13. a4 a5 14. b5 Nd8 15. Be3 g4
16. hxg4 Nxg4 17. Re1 Rg8 18. Qd2 Rh8 19. Rad1 f6 20. Bb3 h5 21. Nh4 Qg7 22.
dxe5 Nxe3 23. Nhf5 Nxf5 24. exf6 Qxg3 25. exf5+ Kf8 26. Re2 Bxf5 27. Rde1 Bd7
28. c4 Qxb3 29. Qg5 Rh7 30. Qg6 Nf7 31. Qxh7 Qg3 32. Qxh5 Bg4 33. Qg6 Ne5 34.
Qg7+ Ke8 35. f7+ Kd7 36. f8=Q+ Ke6 37. Qff6# 1-0

[Event "5. HSK Oster-Open 2019"]
[Site "Hamburg"]
[Date "2019.04.20"]
[Round "4.30"]
[White "Kort, Felix"]
[Black "Krüger, Dietrich"]
[Result "1-0"]
[WhiteElo "1654"]
[BlackElo "1230"]
[PlyCount "85"]
[EventDate "2019.04.19"]

1. d4 Nf6 2. c4 d5 3. cxd5 Nxd5 4. e4 Nb6 5. Nc3 g6 6. Be3 e6 7. Nf3 Bg7 8. Be2
Nc6 9. O-O O-O 10. Qd2 Qe7 11. Rfd1 Rd8 12. Rac1 f5 13. Bg5 Bf6 14. Bxf6 Qxf6
15. e5 Qf7 16. Bb5 Bd7 17. Ng5 Qg7 18. Bxc6 Bxc6 19. Nxe6 Qe7 20. Nxd8 Rxd8 21.
Qc2 Be4 22. Nxe4 fxe4 23. Qxc7 Rd7 24. Qb8+ Kg7 25. Qxa7 Nd5 26. Qc5 Qf7 27.
Qb5 Nf4 28. e6 Nxe6 29. Qe5+ Kg8 30. Qxe4 Ng5 31. Rc8+ Kg7 32. Qe5+ Kh6 33. Qe3
Re7 34. Qd2 Qd5 35. h4 Re4 36. Qxg5+ Qxg5 37. hxg5+ Kxg5 38. Rc7 h5 39. Rxb7 h4
40. d5 Rg4 41. d6 h3 42. g3 Re4 43. d7 1-0

[Event "5. HSK Oster-Open 2019"]
[Site "Hamburg"]
[Date "2019.04.20"]
[Round "4.35"]
[White "Lu, Yunong Elias"]
[Black "Hinrichs, Winfried"]
[Result "0-1"]
[WhiteElo "1358"]
[BlackElo "1514"]
[PlyCount "114"]
[EventDate "2019.04.19"]

1. e4 c5 2. Nf3 d6 3. d4 cxd4 4. Nxd4 Nf6 5. Nc3 a6 6. Be3 e6 7. Be2 Be7 8. O-O
O-O 9. h3 Nbd7 10. Re1 Nc5 11. Bd3 Nxd3 12. cxd3 Bd7 13. Nf3 Bc6 14. Qd2 d5 15.
e5 Nd7 16. d4 f6 17. Rad1 fxe5 18. Nxe5 Nxe5 19. dxe5 Rf7 20. Qe2 Qc7 21. Bd4
Raf8 22. Qg4 Qd7 23. Be3 Bb4 24. Re2 Bxc3 25. bxc3 Qe7 26. c4 dxc4 27. Qxc4 Bd5
28. Qc2 Qd7 29. Qc5 Rc8 30. Qd4 Qe7 31. Ree1 Rc4 32. Qd2 b5 33. Rc1 Rxc1 34.
Rxc1 Qb7 35. g3 Rc7 36. Rxc7 Qxc7 37. Qc1 Qxc1+ 38. Bxc1 Bxa2 39. Bd2 Kf7 40.
Bb4 Kg6 41. f4 h5 42. Kf2 Kf5 43. Ke3 Bd5 44. Ba5 g5 45. Bb4 gxf4+ 46. gxf4 Bg2
47. h4 Kg4 48. Ba5 Kxh4 49. f5 exf5 50. e6 Bc6 51. Kf4 Kh3 52. Kxf5 h4 53. Kf4
Kg2 54. Kg4 h3 55. Kf5 h2 56. e7 h1=Q 57. e8=Q Bxe8 0-1

[Event "5. HSK Oster-Open 2019"]
[Site "Hamburg"]
[Date "2019.04.20"]
[Round "4.36"]
[White "Grotrian, Peter"]
[Black "Queißer, Jens"]
[Result "0-1"]
[WhiteElo "1511"]
[BlackElo "1431"]
[PlyCount "59"]
[EventDate "2019.04.19"]

1. d4 Nf6 2. Bg5 e6 3. e4 h6 4. Bxf6 gxf6 5. Bd3 Nc6 6. Nf3 d5 7. exd5 Qxd5 8.
Nc3 Bb4 9. a3 Bxc3+ 10. bxc3 e5 11. Qe2 Bg4 12. Be4 Qa5 13. Qc4 Bxf3 14. Bxf3
Nxd4 15. Bxb7 Nxc2+ 16. Ke2 Rb8 17. Bc6+ Ke7 18. Rad1 Rhd8 19. a4 Na3 20. Rxd8
Rb2+ 21. Kd3 Nxc4 22. Re8+ Kd6 23. Bb5 Rb3 24. Rd1 Nb2+ 25. Ke4+ Nxd1 26. Rd8+
Ke7 27. Re8+ Kd6 28. Rd8+ Kc5 29. Rxd1 Qxc3 30. Rd7 0-1

[Event "5. HSK Oster-Open 2019"]
[Site "Hamburg"]
[Date "2019.04.21"]
[Round "5.1"]
[White "Pfreundt, Jakob"]
[Black "Meissner, Felix"]
[Result "1-0"]
[WhiteElo "2381"]
[BlackElo "2410"]
[PlyCount "115"]
[EventDate "2019.04.19"]

1. e4 c5 2. Nc3 e6 3. g3 Nc6 4. Bg2 g6 5. d3 Bg7 6. Be3 Nd4 7. Qd2 Ne7 8. Nd1
d6 9. c3 Ndc6 10. Bh6 Bxh6 11. Qxh6 Ne5 12. Qd2 d5 13. f4 N5c6 14. Nf3 b6 15.
e5 h5 16. Ne3 Bb7 17. d4 Qc7 18. b4 Rc8 19. O-O Nf5 20. Nxf5 gxf5 21. Qb2 Qe7
22. Rab1 cxb4 23. cxb4 Nb8 24. Rfc1 Rc4 25. b5 Rxc1+ 26. Rxc1 Kd7 27. h4 Rc8
28. Rxc8 Kxc8 29. Qc3+ Kd8 30. Ng5 Nd7 31. Nh7 f6 32. Nxf6 Nxf6 33. exf6 Qxf6
34. Bf3 Bc8 35. Bxh5 Bd7 36. Be2 Qe7 37. Kf2 Qd6 38. a3 Ke8 39. Ke1 Kf8 40. Kd2
Kg7 41. Kc2 Qf8 42. Qe3 Qc8+ 43. Kd2 Qe8 44. Qe5+ Kg8 45. h5 Kh7 46. Qf6 Qg8
47. g4 Qg7 48. Qxg7+ Kxg7 49. g5 Be8 50. Ke3 Bf7 51. Kf3 Be8 52. Kg3 Kh8 53.
Kh4 Kh7 54. h6 Bd7 55. a4 Be8 56. Bh5 Bg6 57. Bxg6+ Kxg6 58. Kh3 1-0

[Event "5. HSK Oster-Open 2019"]
[Site "Hamburg"]
[Date "2019.04.21"]
[Round "5.2"]
[White "Genov, Petar"]
[Black "Höffer, David"]
[Result "0-1"]
[WhiteElo "2431"]
[BlackElo "2314"]
[PlyCount "134"]
[EventDate "2019.04.19"]

1. Nf3 Nc6 2. c4 e5 3. d3 Nf6 4. e3 d5 5. cxd5 Nxd5 6. a3 g6 7. b4 a6 8. Bb2
Bg7 9. Be2 O-O 10. Qc2 Re8 11. O-O Be6 12. Nbd2 f5 13. Rfe1 Bf7 14. Nb3 Qf6 15.
Nc5 Ra7 16. Rac1 g5 17. g3 g4 18. Nh4 Nde7 19. e4 Bh6 20. Rcd1 b6 21. Nb3 Nd4
22. Nxd4 exd4 23. Nxf5 Nxf5 24. exf5 Qxf5 25. Bf1 Rxe1 26. Rxe1 c5 27. Bg2 Bf8
28. Be4 Qf6 29. bxc5 bxc5 30. Rf1 Bh5 31. Qd1 Re7 32. h3 Rg7 33. Bc1 Bd6 34. h4
Bf7 35. Qa4 Bf8 36. Bf4 Qe6 37. Re1 Bg6 38. Kf1 Re7 39. Bg5 Rf7 40. Bxg6 Qxg6
41. Re4 Qf5 42. Bf4 Qg6 43. Qc4 Qc6 44. a4 Qb7 45. h5 Qb1+ 46. Re1 Qb7 47. Re4
Qb1+ 48. Kg2 Qd1 49. Re5 Qf3+ 50. Kg1 Qd1+ 51. Kh2 Qf3 52. Kg1 Qd1+ 53. Kg2
Qf3+ 54. Kf1 Qd1+ 55. Re1 Qf3 56. Kg1 Bd6 57. h6 Bf8 58. Re6 Qd1+ 59. Kh2 Qf1
60. Qa2 c4 61. dxc4 Rxf4 62. gxf4 Qh3+ 63. Kg1 g3 64. Re5 Qh2+ 65. Kf1 g2+ 66.
Ke2 Qxf4 67. c5+ Kh8 0-1

[Event "5. HSK Oster-Open 2019"]
[Site "Hamburg"]
[Date "2019.04.21"]
[Round "5.3"]
[White "Lammers, Markus"]
[Black "Trisic, Aleksandar"]
[Result "0-1"]
[WhiteElo "2318"]
[BlackElo "2307"]
[PlyCount "108"]
[EventDate "2019.04.19"]

1. Nf3 Nf6 2. d4 g6 3. c4 Bg7 4. Nc3 O-O 5. g3 d6 6. Bg2 Nbd7 7. O-O e5 8. e4
c6 9. h3 Qb6 10. Re1 exd4 11. Nxd4 Re8 12. Na4 Qc7 13. Nc3 a5 14. b3 Nc5 15.
Bf4 Nh5 16. Be3 Nf6 17. Qc2 Bd7 18. Rad1 Rad8 19. Nde2 Bc8 20. f4 Nfxe4 21.
Nxe4 Nxe4 22. Bxe4 f5 23. Bxc6 Rxe3 24. Bd5+ Kf8 25. Kg2 Rde8 26. Rd3 R3e7 27.
Rd2 Qc5 28. Red1 Re3 29. h4 Bd7 30. Kh2 b5 31. Ng1 Rc3 32. Qb1 Rce3 33. cxb5
Bxb5 34. Bg2 Rc3 35. Re1 Ree3 36. Rd5 Qb6 37. Qd1 Rcd3 38. Rxd3 Bxd3 39. Qc1
Rxe1 40. Qxe1 Bd4 41. Nh3 Bf6 42. Qe6 Qd4 43. Qc8+ Kg7 44. Qc7+ Kg8 45. Qxa5
Be4 46. Qe1 d5 47. Qe2 Qa1 48. h5 gxh5 49. Nf2 h4 50. g4 Qc1 51. Nh3 Qc3 52.
Ng1 Qg3+ 53. Kh1 Bd4 54. Qf1 Bxg1 0-1

[Event "5. HSK Oster-Open 2019"]
[Site "Hamburg"]
[Date "2019.04.21"]
[Round "5.4"]
[White "Andris, Valentin"]
[Black "Tomov, Georgi"]
[Result "0-1"]
[WhiteElo "1796"]
[BlackElo "2319"]
[PlyCount "46"]
[EventDate "2019.04.19"]

1. d4 d5 2. c4 e6 3. Nc3 a6 4. cxd5 exd5 5. Nf3 Nf6 6. Bg5 Be6 7. e3 Nbd7 8.
Bd3 Bd6 9. O-O O-O 10. Rc1 Rc8 11. a3 h6 12. Bxf6 Nxf6 13. b4 Qe7 14. Na4 Rce8
15. Qc2 Bc8 16. Bf5 Ne4 17. Bxc8 Rxc8 18. Nc5 Bxc5 19. bxc5 c6 20. Nd2 Nxd2 21.
Qxd2 f5 22. g3 Rc7 23. Rb1 g5 0-1

[Event "5. HSK Oster-Open 2019"]
[Site "Hamburg"]
[Date "2019.04.21"]
[Round "5.5"]
[White "Bracker, Arne"]
[Black "Pothast, Laurenz"]
[Result "1-0"]
[WhiteElo "2199"]
[BlackElo "1774"]
[PlyCount "33"]
[EventDate "2019.04.19"]

1. e4 c5 2. Nf3 e6 3. d4 cxd4 4. Nxd4 a6 5. Nc3 Qc7 6. g3 Nc6 7. Bg2 Nf6 8. O-O
Bc5 9. Bf4 e5 10. Nb3 Be7 11. Be3 d6 12. Nd5 Nxd5 13. exd5 Nb8 14. c4 Qxc4 15.
Rc1 Qg4 16. Rc7 Bd8 17. f3 1-0

[Event "5. HSK Oster-Open 2019"]
[Site "Hamburg"]
[Date "2019.04.21"]
[Round "5.6"]
[White "Aumüller, Ingo"]
[Black "Brinkmann, Fabian"]
[Result "0-1"]
[WhiteElo "1983"]
[BlackElo "2136"]
[PlyCount "90"]
[EventDate "2019.04.19"]

1. e4 c6 2. d4 d5 3. Nc3 dxe4 4. Nxe4 Bf5 5. Ng3 Bg6 6. Nh3 e6 7. c3 Bd6 8. Nf4
Qc7 9. Qf3 Ne7 10. h4 Nd7 11. h5 Bf5 12. Nxf5 Nxf5 13. Bc4 O-O-O 14. Nd3 c5 15.
Be3 Nxe3 16. fxe3 Nb6 17. b3 Rhe8 18. O-O Nxc4 19. bxc4 Rd7 20. Rad1 f5 21. d5
exd5 22. cxd5 c4 23. Nf4 Bxf4 24. Qxf4 g6 25. Rd4 b5 26. a4 Qxf4 27. Rfxf4 a6
28. hxg6 hxg6 29. g4 Rxe3 30. axb5 axb5 31. gxf5 gxf5 32. Rxf5 Rd6 33. Kf2 Rxc3
34. Ke2 Kc7 35. Kd2 Rh3 36. Re4 Kb6 37. Re6 Rd3+ 38. Kc2 R3xd5 39. Rxd6+ Rxd6
40. Rf8 Kc5 41. Rc8+ Kb4 42. Rh8 Rg6 43. Rh2 Ra6 44. Rh5 Ra2+ 45. Kb1 Rg2 0-1

[Event "5. HSK Oster-Open 2019"]
[Site "Hamburg"]
[Date "2019.04.21"]
[Round "5.7"]
[White "Günther, Patrick"]
[Black "Genov, Valentin"]
[Result "1/2-1/2"]
[WhiteElo "2065"]
[BlackElo "1727"]
[PlyCount "36"]
[EventDate "2019.04.19"]

1. Nf3 c5 2. e4 d6 3. d4 cxd4 4. Nxd4 Nf6 5. Nc3 a6 6. g3 g6 7. Bg2 Bg7 8. O-O
O-O 9. h3 Qc7 10. Re1 Nc6 11. Nb3 b5 12. Nd5 Nxd5 13. exd5 Ne5 14. c3 Re8 15.
Nd4 Bd7 16. Kh2 Rab8 17. Re2 h6 18. Bd2 Nc4 1/2-1/2

[Event "5. HSK Oster-Open 2019"]
[Site "Hamburg"]
[Date "2019.04.21"]
[Round "5.8"]
[White "Kipke, Kevin"]
[Black "Callsen, Niklas"]
[Result "0-1"]
[WhiteElo "1684"]
[BlackElo "2043"]
[PlyCount "42"]
[EventDate "2019.04.19"]

1. e4 e5 2. Nf3 Nc6 3. d4 exd4 4. Nxd4 Nf6 5. Nxc6 bxc6 6. e5 Qe7 7. Qe2 Nd5 8.
c4 Nb6 9. b3 g6 10. f4 Bg7 11. Nd2 O-O 12. Nf3 Re8 13. Bb2 a5 14. a3 d6 15.
O-O-O dxe5 16. fxe5 Bf5 17. Qe3 Qf8 18. Rd2 Bh6 19. Qc3 Rad8 20. h3 Be4 21. c5
Bxf3 0-1

[Event "5. HSK Oster-Open 2019"]
[Site "Hamburg"]
[Date "2019.04.21"]
[Round "5.9"]
[White "Franke, Lutz"]
[Black "Kotyk, Michael"]
[Result "0-1"]
[WhiteElo "2156"]
[BlackElo "1960"]
[PlyCount "58"]
[EventDate "2019.04.19"]

1. d4 Nf6 2. c4 e6 3. Nc3 Bb4 4. e3 O-O 5. Nge2 d6 6. a3 Bxc3+ 7. Nxc3 Qe7 8.
e4 e5 9. d5 a5 10. Be2 Na6 11. f3 Nc5 12. Be3 Nh5 13. g3 f5 14. exf5 e4 15. f4
Nf6 16. Bxc5 dxc5 17. g4 e3 18. O-O h5 19. h3 hxg4 20. hxg4 Ra6 21. Bf3 Nxg4
22. Bxg4 Bxf5 23. d6 Rxd6 24. Nd5 Qe8 25. Bxf5 Rxf5 26. Qg4 Rfxd5 27. f5 Rd4
28. Qg3 e2 29. Rf3 Rd1+ 0-1

[Event "5. HSK Oster-Open 2019"]
[Site "Hamburg"]
[Date "2019.04.21"]
[Round "5.11"]
[White "Rudolph, Jens-Erik"]
[Black "Kahlert, Thomas"]
[Result "0-1"]
[WhiteElo "1812"]
[BlackElo "2174"]
[PlyCount "72"]
[EventDate "2019.04.19"]

1. b4 e5 2. Bb2 Bxb4 3. Bxe5 Nf6 4. a3 Be7 5. c4 O-O 6. e3 d5 7. Nf3 c5 8. cxd5
Nxd5 9. Be2 Nc6 10. Bb2 b6 11. O-O Bb7 12. Qc2 Bf6 13. Nc3 Rc8 14. Rac1 Nxc3
15. Bxc3 Nd4 16. Qd1 Nxe2+ 17. Qxe2 Re8 18. Rfd1 Bxc3 19. Rxc3 h6 20. h3 Qf6
21. Ne1 Rcd8 22. Qg4 Re4 23. Qg3 Re5 24. f4 Red5 25. Rc2 R5d7 26. Qf2 Be4 27.
Rc4 Qe6 28. Rc3 Qf6 29. Rc4 Bc6 30. Nf3 Bxf3 31. Qxf3 Rxd2 32. Rxd2 Rxd2 33.
Qa8+ Qd8 34. Qxa7 Qd5 35. Qb8+ Kh7 36. e4 Qxc4 0-1

[Event "5. HSK Oster-Open 2019"]
[Site "Hamburg"]
[Date "2019.04.21"]
[Round "5.12"]
[White "Solar, Peter"]
[Black "Warns, Heiko"]
[Result "1-0"]
[WhiteElo "1806"]
[BlackElo "2092"]
[PlyCount "60"]
[EventDate "2019.04.19"]

1. b3 e5 2. Bb2 d6 3. e3 Nf6 4. Be2 g6 5. h4 h5 6. Nc3 Bg7 7. Nh3 Bxh3 8. Rxh3
Nc6 9. Bb5 Qd7 10. Qf3 d5 11. Na4 Qd6 12. Bxc6+ bxc6 13. d4 Ne4 14. O-O-O Rb8
15. Qe2 exd4 16. Rxd4 Bxd4 17. Bxd4 O-O 18. f3 Ng3 19. Qd2 Nf5 20. Bb2 Qe6 21.
e4 dxe4 22. Nc5 Qd6 23. Qc3 f6 24. Nxe4 Qf4+ 25. Kb1 Rbd8 26. Rh1 Nd4 27. Qc4+
Rd5 28. Bxd4 Kh7 29. Bb2 Rf7 30. Qxc6 Kg7 1-0

[Event "5. HSK Oster-Open 2019"]
[Site "Hamburg"]
[Date "2019.04.21"]
[Round "5.13"]
[White "Noack, Reiner"]
[Black "Giacometto, Mario"]
[Result "1/2-1/2"]
[WhiteElo "2082"]
[BlackElo "1965"]
[PlyCount "84"]
[EventDate "2019.04.19"]

1. d4 d5 2. c4 e6 3. Nc3 Nf6 4. Bg5 Nbd7 5. e3 c6 6. Nf3 Qa5 7. Bxf6 Nxf6 8. a3
Ne4 9. Rc1 Nxc3 10. Qd2 g6 11. Qxc3 Qxc3+ 12. Rxc3 dxc4 13. Rxc4 Bg7 14. Be2
Ke7 15. O-O Rd8 16. Rc5 f6 17. b4 Bd7 18. a4 b6 19. Rcc1 a5 20. bxa5 Rxa5 21.
Rb1 Rb8 22. Rb4 Kd8 23. Rfb1 Kc7 24. Bd1 Bf8 25. Rc4 c5 26. dxc5 Rxc5 27. Rbc1
Ra8 28. Nd4 Rxc4 29. Rxc4+ Bc5 30. Kf1 e5 31. Nb5+ Bxb5 32. axb5 Ra1 33. Ke2
Rb1 34. Ba4 Rb2+ 35. Rc2 Rb4 36. Ra2 e4 37. Bc2 Kd6 38. Ra4 Ke5 39. Rxb4 Bxb4
40. Bb3 g5 41. Bf7 h6 42. Be8 Ba5 1/2-1/2

[Event "5. HSK Oster-Open 2019"]
[Site "Hamburg"]
[Date "2019.04.21"]
[Round "5.14"]
[White "Grötzbach, Daniel"]
[Black "Krause, Max"]
[Result "1-0"]
[WhiteElo "2067"]
[BlackElo "1934"]
[PlyCount "109"]
[EventDate "2019.04.19"]

1. e4 c5 2. Nf3 e6 3. d4 cxd4 4. Nxd4 a6 5. Bd3 Qc7 6. f4 Nc6 7. Nxc6 Qxc6 8.
O-O Bc5+ 9. Kh1 b5 10. Qg4 g6 11. f5 Ne7 12. fxe6 Qxe6 13. Qh4 Bb7 14. Nc3 O-O
15. Bh6 Bd4 16. Bxf8 Rxf8 17. Rae1 d6 18. Nd5 f6 19. c3 Be5 20. Nxe7+ Qxe7 21.
Bc2 Kg7 22. Rf3 Bc8 23. Qf2 Bg4 24. Rd3 Qc7 25. Bb3 Rc8 26. Bd5 Bd7 27. Ra1 Qc5
28. Qd2 Rc7 29. Rd1 Bg4 30. Rf1 Bd7 31. Qd1 h5 32. Qb3 Bg4 33. Qc2 Bd7 34. Qf2
Qxf2 35. Rxf2 Rc5 36. Rd1 Rc7 37. Ra1 Kf8 38. Bb3 Bc6 39. Re2 Bb7 40. a4 Bc6
41. axb5 axb5 42. Ra6 Ke7 43. Rb6 Bd7 44. Re1 Ra7 45. Bd5 Kd8 46. Rb8+ Kc7 47.
Rg8 g5 48. Rg7 Kb6 49. Rf1 Bc8 50. Rxa7 Kxa7 51. Ra1+ Ba6 52. c4 b4 53. c5 Bxb2
54. Ra4 dxc5 55. Bc4 1-0

[Event "5. HSK Oster-Open 2019"]
[Site "Hamburg"]
[Date "2019.04.21"]
[Round "5.15"]
[White "Avdic, Faris"]
[Black "Ziefle, Stefan"]
[Result "1/2-1/2"]
[WhiteElo "2043"]
[BlackElo "1722"]
[PlyCount "57"]
[EventDate "2019.04.19"]

1. d4 Nf6 2. Nf3 g6 3. c4 Bg7 4. Nc3 c5 5. d5 d6 6. h3 a6 7. e4 Nbd7 8. Be2 O-O
9. Be3 Qa5 10. O-O Rb8 11. Nd2 Ne8 12. Nb3 Qd8 13. Qd2 Nc7 14. a4 Re8 15. f4 e6
16. f5 exf5 17. exf5 Qe7 18. Bh6 Bxh6 19. Qxh6 Qe3+ 20. Qxe3 Rxe3 21. fxg6 hxg6
22. Nd2 f5 23. Kf2 Re7 24. Kg3 Ne5 25. Kf4 Rh7 26. Kg5 Bd7 27. Nf3 Re8 28. Nxe5
Rxe5 29. Rae1 1/2-1/2

[Event "5. HSK Oster-Open 2019"]
[Site "Hamburg"]
[Date "2019.04.21"]
[Round "5.16"]
[White "Renger, Maik"]
[Black "Hinnenberg, Benjamin"]
[Result "1-0"]
[WhiteElo "2029"]
[BlackElo "1689"]
[PlyCount "61"]
[EventDate "2019.04.19"]

1. d4 Nf6 2. c4 c5 3. Nf3 g6 4. g3 Bg7 5. Bg2 O-O 6. O-O cxd4 7. Nxd4 Nc6 8.
Nc3 Nxd4 9. Qxd4 d6 10. Qd2 Rb8 11. b3 Be6 12. Bb2 Qc8 13. Nd5 Bxd5 14. cxd5
Qf5 15. e4 Nxe4 16. Bxe4 Qxe4 17. Bxg7 Kxg7 18. Rfe1 Qf5 19. Rxe7 Rfc8 20. Rae1
Qf6 21. R1e6 Qa1+ 22. Kg2 Rc1 23. Qf4 Rg1+ 24. Kh3 Rf8 25. Rxd6 Qf1+ 26. Kg4
Kg8 27. Qf6 h5+ 28. Kg5 Qc1+ 29. f4 Qa1 30. Re5 Kh7 31. Rd7 1-0

[Event "5. HSK Oster-Open 2019"]
[Site "Hamburg"]
[Date "2019.04.21"]
[Round "5.17"]
[White "Lu, Siyuan"]
[Black "Streich, Justus"]
[Result "1/2-1/2"]
[WhiteElo "1667"]
[BlackElo "1963"]
[PlyCount "96"]
[EventDate "2019.04.19"]

1. d4 Nf6 2. c4 e6 3. Nc3 Bb4 4. Qc2 O-O 5. Bg5 h6 6. Bxf6 Qxf6 7. Nf3 d5 8. e3
Nd7 9. a3 Bxc3+ 10. bxc3 b6 11. cxd5 exd5 12. Bd3 c5 13. O-O c4 14. Be2 Bb7 15.
Rab1 Qd6 16. a4 Rae8 17. a5 Bc6 18. axb6 axb6 19. Ra1 Ra8 20. Rfb1 b5 21. Nd2
Nf6 22. Qb2 Rfb8 23. Rxa8 Rxa8 24. Ra1 Qb8 25. Rxa8 Qxa8 26. h3 Qa5 27. Nb1 Nd7
28. Kf1 Nb8 29. Qa3 Qxa3 30. Nxa3 Na6 31. Nc2 Kf8 32. g4 Ke7 33. f4 Kd6 34. Ke1
Kc7 35. Kd2 Kb6 36. Bd1 Ka5 37. Be2 b4 38. cxb4+ Nxb4 39. Kc3 Nxc2 40. Kxc2 Kb4
41. Bf3 g5 42. f5 f6 43. Bg2 {(=)} c3 44. Bf3 Ba4+ 45. Kc1 Bb3 46. Bg2 c2 47.
Bf3 Kc3 48. Be2 Ba4 1/2-1/2

[Event "5. HSK Oster-Open 2019"]
[Site "Hamburg"]
[Date "2019.04.21"]
[Round "5.18"]
[White "Schulze, Mario"]
[Black "Kort, Felix"]
[Result "1-0"]
[WhiteElo "1932"]
[BlackElo "1654"]
[PlyCount "103"]
[EventDate "2019.04.19"]

1. e4 e5 2. Nf3 Nc6 3. Bb5 a6 4. Ba4 Nf6 5. d3 b5 6. Bb3 Be7 7. O-O O-O 8. Re1
d6 9. c3 Na5 10. Bc2 c5 11. Nbd2 Nc6 12. Nf1 Bb7 13. Ng3 Re8 14. Nf5 Nd7 15.
Nxe7+ Qxe7 16. Bg5 f6 17. Bd2 Nb6 18. Nh4 Rad8 19. Nf5 Qf8 20. Re3 Ne7 21. Rg3
Nxf5 22. exf5 Bc8 23. Qf3 d5 24. Bh6 Re7 25. Re1 Kh8 26. Bc1 Bb7 27. Qg4 Qf7
28. Rh3 Bc8 29. Qh4 Bxf5 30. Rf3 Bg6 31. g4 c4 32. g5 cxd3 33. gxf6 gxf6 34.
Rxf6 Qg7 35. Bh6 Qg8 36. Rf3 Rf7 37. Rxf7 Bxf7+ 38. Kh1 Rd6 39. Bxd3 e4 40. Bf4
Re6 41. Be2 Qe8 42. Be3 Nc4 43. Bd4+ Kg8 44. Bg4 Rc6 45. Rg1 Rg6 46. Rg3 Be6
47. Bh5 Bf7 48. Qf6 Kf8 49. Bxg6 hxg6 50. Rxg6 Nxb2 51. Rg8+ Kxg8 52. Qg7# 1-0

[Event "5. HSK Oster-Open 2019"]
[Site "Hamburg"]
[Date "2019.04.21"]
[Round "5.19"]
[White "Rennspieß, Jens"]
[Black "Reher, Wolfgang"]
[Result "1-0"]
[WhiteElo "1703"]
[BlackElo "1906"]
[PlyCount "29"]
[EventDate "2019.04.19"]

1. e4 e6 2. d4 b6 3. Bd3 Bb7 4. Be3 Nf6 5. Nd2 c5 6. c3 cxd4 7. cxd4 Bb4 8. f3
O-O 9. a3 Be7 10. Ne2 d6 11. O-O e5 12. d5 a5 13. Qb3 Nbd7 14. Nc4 Nc5 15. Bxc5
1-0

[Event "5. HSK Oster-Open 2019"]
[Site "Hamburg"]
[Date "2019.04.21"]
[Round "5.20"]
[White "Christensen, Andreas"]
[Black "Summers, Jan"]
[Result "1-0"]
[WhiteElo "1841"]
[BlackElo "1680"]
[PlyCount "57"]
[EventDate "2019.04.19"]

1. e4 c5 2. Nf3 Nc6 3. d4 cxd4 4. Nxd4 g6 5. Nc3 Bg7 6. Be3 Nf6 7. Nxc6 bxc6 8.
e5 Ng8 9. f4 d6 10. Qf3 dxe5 11. Rd1 Bd7 12. Bc4 Qc8 13. fxe5 Be6 14. Bxe6 Qxe6
15. Rd6 exd6 16. Qxc6+ Ke7 17. Nd5+ Kd8 18. Qxa8+ Qc8 19. Qxa7 Bxe5 20. O-O f6
21. Qf7 Qd7 22. Qf8+ Qe8 23. Bb6+ Kd7 24. Qg7+ Ne7 25. Nxe7 Qxe7 26. Qxh8 Kc6
27. Bf2 Bxh2+ 28. Kxh2 Qe2 29. Qa8+ 1-0

[Event "5. HSK Oster-Open 2019"]
[Site "Hamburg"]
[Date "2019.04.21"]
[Round "5.21"]
[White "Kipke, Mark"]
[Black "Schwarzkopf, Jörg"]
[Result "0-1"]
[WhiteElo "1623"]
[BlackElo "1857"]
[PlyCount "62"]
[EventDate "2019.04.19"]

1. e4 c5 2. c3 d5 3. exd5 Qxd5 4. d4 Nf6 5. Nf3 Bg4 6. Be2 e6 7. O-O Nc6 8. Be3
cxd4 9. cxd4 Be7 10. Nc3 Qd6 11. Qd2 O-O 12. Rfd1 Nb4 13. Bf4 Qd8 14. h3 Bh5
15. Rac1 Nbd5 16. Bh2 Rc8 17. Ne5 Bxe2 18. Qxe2 Bb4 19. Nxd5 Qxd5 20. Rxc8 Rxc8
21. a3 Ba5 22. Nf3 Qc4 23. Qe5 Qc2 24. Rf1 Bb6 25. Bf4 Bc7 26. Qg5 Bxf4 27.
Qxf4 Qxb2 28. Qd6 Qc3 29. Ne5 Qc7 30. Qb4 Nd5 31. Qd2 Qc3 0-1